000 01347nac a22004337a 4500
001 BR9700761
003 BR-BrBNA
005 20240105121844.0
008 230509b bl.|||m| |||| 00| 0 por d
040 _aBR-BrBNA
_bpor
_cBiblioteca Nacional de Agricultura
072 _aP10; P36
090 _aP10 BR9700761
100 1 _aBertolini, D.
100 1 _aCarraro, E.
100 1 _aLombardi Neto, F.
100 1 _aLepsch, I.F.
100 1 _aMello, M.H. de A.
100 1 _aDrugowich, M.I.
100 1 _aPedro Junior, M.J.
100 1 _aBellinazzi Junior, R.
110 1 _aCoordenadoria de Assistencia Tecnica Integral, Campinas, SP (Brasil)
245 1 _aManual tecnico de manejo e conservacao de solo e agua. v. 2. Potencialidades agricolas das terras do estado de Sao Paulo
260 3 _aCampinas, SP (Brasil):
_c1994.
300 _a168 p.
490 _aManual - Coordenadoria de Assistencia Tecnica Integral (Brazil)
_vno. 39
_x
500 _a66 illus.; 13 tables; 16 ref.
650 _aConservacao do Solo
650 _aAgua
650 _aManejo de Agua
650 _aQuimica da Agua
650 _aAnalise do Solo
650 _aCapilaridade
650 _aSolo
650 _aAgua
650 _aHidrologia
650 _aSao Paulo
909 _a202312
_bLúcia Elande
_c55
_dLúcia Elande
942 _2AGRIS
_n0
_cMS
999 _c287855
_d287855